Holiday Quiz

Random Holiday or Christmas Quiz

F-Words in Christmas Carols Quiz Stats

 Plays Quiz Updated Dec 15, 2014

Challenge
Share
Tweet
Embed
Score 0/16 Timer 04:00
0 Plays Today
Lyrics F-Word % Correct
On the third day of Christmas, my true love sent to me. Three ______ hens... French
95.5%
Then one _____ Christmas Eve, Santa came to say... foggy
85.7%
____ on your knees! Oh, hear the angel voices!Fall
85.5%
O'er the ______ we go. Laughing all the way.fields
84.9%
The hopes and _____ of all the years, are met in thee tonight.fears
84.8%
Christmas is coming, the geese are getting ___, please put a penny in the old man's hat.fat
84.5%
Oh, bring us a _____ pudding and a cup of good cheer.figgy
82.8%
When we _______ kiss goodnight. How I'll hate going out in the storm!finally
79.6%
Lyrics F-Word % Correct
Someday soon, we all will be together. If the _____ allow.fates
71.6%
Yuletide carols being sung by a choir and _____ dressed up like Eskimos.folks
66.5%
______ me in merry measure, Fa la la la la, la la la la. Follow
65.8%
Field and ________, moor and mountain, following yonder star.fountain
58.3%
Good King Wenceslas looked out, on the _____ of Stephen.feast
57%
To ____ unafraid, the plans that we've made.face
55.2%
Our ______ gifts we bring, pa rum, pum, pum, pum.finest
52.5%
One seems to hear, words of good cheer, from everywhere, _______ the air.filling
47.5%

You're not logged in!

Compare scores with friends on all Sporcle quizzes.
Join for Free
OR
Log In

You Might Also Like...

Show Comments

Extras

Top Quizzes Today


Score Distribution

Your Account Isn't Verified!

In order to create a playlist on Sporcle, you need to verify the email address you used during registration. Go to your Sporcle Settings to finish the process.

Report this User

Report this user for behavior that violates our Community Guidelines.

Details: